|
|
|
|
| LEADER |
05864nam a2200601 4500 |
| 001 |
978-3-540-45307-9 |
| 003 |
DE-He213 |
| 005 |
20191220130600.0 |
| 007 |
cr nn 008mamaa |
| 008 |
121227s2001 gw | s |||| 0|eng d |
| 020 |
|
|
|a 9783540453079
|9 978-3-540-45307-9
|
| 024 |
7 |
|
|a 10.1007/3-540-45307-5
|2 doi
|
| 040 |
|
|
|d GrThAP
|
| 050 |
|
4 |
|a TK7895.M5
|
| 072 |
|
7 |
|a UYF
|2 bicssc
|
| 072 |
|
7 |
|a COM011000
|2 bisacsh
|
| 072 |
|
7 |
|a UYF
|2 thema
|
| 082 |
0 |
4 |
|a 004.1
|2 23
|
| 245 |
1 |
0 |
|a High Performance Computing - HiPC 2001
|h [electronic resource] :
|b 8th International Conference, Hyderabad, India, December, 17-20, 2001. Proceedings /
|c edited by Burkhard Monien, Viktor K. Prasanna, Sriram Vajapeyam.
|
| 250 |
|
|
|a 1st ed. 2001.
|
| 264 |
|
1 |
|a Berlin, Heidelberg :
|b Springer Berlin Heidelberg :
|b Imprint: Springer,
|c 2001.
|
| 300 |
|
|
|a XVI, 438 p.
|b online resource.
|
| 336 |
|
|
|a text
|b txt
|2 rdacontent
|
| 337 |
|
|
|a computer
|b c
|2 rdamedia
|
| 338 |
|
|
|a online resource
|b cr
|2 rdacarrier
|
| 347 |
|
|
|a text file
|b PDF
|2 rda
|
| 490 |
1 |
|
|a Lecture Notes in Computer Science,
|x 0302-9743 ;
|v 2228
|
| 505 |
0 |
|
|a Keynote Address -- Stability Issues in Heterogeneous and FIFO Networks under the Adversarial Queueing Model -- Algorithms -- Mesh Algorithms for Multiplication and Division -- Compact Routing in Directed Networks with Stretch Factor of Two -- Parametric Scheduling - Algorithms and Complexity -- An Efficient Algorithm for Computing Lower Bounds on Time and Processors for Scheduling Precedence Graphs on Multicomputer Systems -- On Job Scheduling for HPC-Clusters and the dynP Scheduler -- An Adaptive Scheme for Fault-Tolerant Scheduling of Soft Real-Time Tasks in Multiprocessor Systems -- Keynote Address -- Learning from the Success of MPI -- Applications -- Gyrokinetic Simulations of Plasma Turbulence on Massively Parallel Computers -- A Parallel Krylov-Type Method for Nonsymmetric Linear Systems -- Evolving Cellular Automata Based Associative Memory for Pattern Recognition -- Efficient Parallel Algorithms and Software for Compressed Octrees with Applications to Hierarchical Methods -- A Case Study of Improving Memory Locality in Polygonal Model Simplification: Metrics and Performance -- Keynote Address -- High-Performance Scalable Java Virtual Machines -- Architecture -- Shared Virtual Memory Clusters with Next-Generation Interconnection Networks and Wide Compute Nodes -- Stream-Packing: Resource Allocation in Web Server Farms with a QoS Guarantee -- Weld: A Multithreading Technique Towards Latency-tolerant VLIW Processors -- Putting Data Value Predictors to Work in Fine-Grain Parallel Processors -- Confidence Estimation for Branch Prediction Reversal -- Retargetable Program Profiling Using High Level Processor Models -- Systems Software -- Towards Automatic Synthesis of High-Performance Codes for Electronic Structure Calculations: Data Locality Optimization -- Block Asynchronous I/O:A Flexible Infrastructure for User-Level Filesystems -- TWLinuX: Operating System Support for Optimistic Parallel Discrete Event Simulation -- Low-Cost Garbage Collection for Causal Message Logging -- Improving the Precise Interrupt Mechanism of Software- Managed TLB Miss Handlers -- Hidden Costs in Avoiding False Sharing in Software DSMs -- Keynote Address -- Heterogeneous Computing: Goals, Methods, and Open Problems -- Communication Networks -- Maximum Achievable Capacity Gain through Traffic Load Balancing in Cellular Radio Networks: A Practical Perspective -- Performance Evaluation of Mobile Agents for E-commerce Applications -- Performance Evaluation of Real-Time Communication Services on High-Speed LANs under Topology Changes -- Wavelength Conversion Placement and Wavelength Assignment in WDM Optical Networks -- Identifying Long-Term High-Bandwidth Flows at a Router -- Variable Length Packet Switches: Input Queued Fabrics with Finite Buffers, Speedup, and Parallelism -- Keynote Address -- Web Mining Is Parallel -- Advances and Research Challenges in Networking -- An Optical Booster for Internet Routers -- Intelligent Traffic Engineering of Internets: Towards a Model-Based Approach -- Performance Analysis of Data Services over GPRS.
|
| 650 |
|
0 |
|a Microprocessors.
|
| 650 |
|
0 |
|a Software engineering.
|
| 650 |
|
0 |
|a Computer organization.
|
| 650 |
|
0 |
|a Algorithms.
|
| 650 |
|
0 |
|a Computers.
|
| 650 |
|
0 |
|a Computer science-Mathematics.
|
| 650 |
1 |
4 |
|a Processor Architectures.
|0 http://scigraph.springernature.com/things/product-market-codes/I13014
|
| 650 |
2 |
4 |
|a Software Engineering/Programming and Operating Systems.
|0 http://scigraph.springernature.com/things/product-market-codes/I14002
|
| 650 |
2 |
4 |
|a Computer Systems Organization and Communication Networks.
|0 http://scigraph.springernature.com/things/product-market-codes/I13006
|
| 650 |
2 |
4 |
|a Algorithm Analysis and Problem Complexity.
|0 http://scigraph.springernature.com/things/product-market-codes/I16021
|
| 650 |
2 |
4 |
|a Computation by Abstract Devices.
|0 http://scigraph.springernature.com/things/product-market-codes/I16013
|
| 650 |
2 |
4 |
|a Mathematics of Computing.
|0 http://scigraph.springernature.com/things/product-market-codes/I17001
|
| 700 |
1 |
|
|a Monien, Burkhard.
|e editor.
|4 edt
|4 http://id.loc.gov/vocabulary/relators/edt
|
| 700 |
1 |
|
|a Prasanna, Viktor K.
|e editor.
|4 edt
|4 http://id.loc.gov/vocabulary/relators/edt
|
| 700 |
1 |
|
|a Vajapeyam, Sriram.
|e editor.
|4 edt
|4 http://id.loc.gov/vocabulary/relators/edt
|
| 710 |
2 |
|
|a SpringerLink (Online service)
|
| 773 |
0 |
|
|t Springer eBooks
|
| 776 |
0 |
8 |
|i Printed edition:
|z 9783662173831
|
| 776 |
0 |
8 |
|i Printed edition:
|z 9783540430094
|
| 830 |
|
0 |
|a Lecture Notes in Computer Science,
|x 0302-9743 ;
|v 2228
|
| 856 |
4 |
0 |
|u https://doi.org/10.1007/3-540-45307-5
|z Full Text via HEAL-Link
|
| 912 |
|
|
|a ZDB-2-SCS
|
| 912 |
|
|
|a ZDB-2-LNC
|
| 912 |
|
|
|a ZDB-2-BAE
|
| 950 |
|
|
|a Computer Science (Springer-11645)
|